|
|
|
|
| LEADER |
00000nab a2200000 a 4500 |
| 001 |
vtls008873673 |
| 003 |
SK-MaSNL |
| 005 |
20260304143601.0 |
| 008 |
250505c2006 xo br|p|||||||000 b|slo |
| 015 |
|
|
|a SNBRB2006/11
|2 snkbucl
|
| 035 |
|
|
|a (uuid)dfb5b05c-d1f5-4ecd-bbeb-6e45c065d491
|
| 035 |
|
|
|a urn:nbn:sk:snk-abae55
|
| 035 |
|
|
|a (urnnbn)urn:nbn:sk:snk:ar-a0an6q
|
| 038 |
|
|
|a SNKBUCL
|
| 040 |
|
|
|a SNKBUCL
|b slo
|c SNKBUCL
|e AACR2
|
| 041 |
0 |
|
|a slo
|
| 044 |
|
|
|a xo
|c SK
|
| 080 |
|
|
|a 658.5.015.14
|2 1997
|
| 080 |
|
|
|a 331.103.3
|2 1997
|
| 100 |
1 |
|
|a Dulina, Ľuboslav
|4 aut
|9 300008
|
| 245 |
1 |
0 |
|a Ako vybrať správnu metodiku vopred definovaných časov pri meraní práce
|c Ľuboslav Dulina
|
| 300 |
|
|
|b Sch., tab.
|
| 504 |
|
|
|a Bibliogr. odkazy
|
| 650 |
0 |
7 |
|a meranie práce
|2 snkbucl
|9 841798
|
| 773 |
0 |
|
|t Produktivita a inovácie
|g Č. 2 (2006), s. 17-19
|x 1335-5961
|
| 850 |
|
|
|a Slovenská národná knižnica
|
| 852 |
|
|
|a Slovenská národná knižnica
|
| 954 |
|
|
|a odborná, vedecká literatúra pôvodná (slovenská)
|2 lita
|
| 958 |
|
|
|a article14
|
| 958 |
|
|
|a OND
|
| 958 |
|
|
|a NB
|
| 958 |
|
|
|a EUIPO
|
| 999 |
|
|
|c 2926302
|d 2928232
|